Κατάλογος Βιβλιοθηκών Mediterranean College

Chemistry / Principles and Applications (Record no. 1724)

MARC details
000 -LEADER
fixed length control field 01184cam a22002054a 4500
005 - ΗΜΕΡΟΜΗΝΙΑ ΚΑΙ ΩΡΑ ΤΕΛΕΥΤΑΙΑΣ ΕΝΗΜΕΡΩΣΗΣ
Πεδίο ελέγχου 20250605164017.0
008 - FIXED-LENGTH DATA ELEMENTS--GENERAL INFORMATION
Πεδίο ελέγχου σταθερού μήκους 250528s ||||||||||||||||||||||||d
035 ## - SYSTEM CONTROL NUMBER
System control number 16192
020 ## - ISBN
ISBN 70573212
040 ## - ΠΗΓΗ ΚΑΤΑΛΟΓΟΓΡΑΦΗΣΗΣ
Φορέας πρωτότυπης καταλογογράφησης MC Athens Campus Library
Γλώσσα καταλογογράφησης Ελληνικά, Μοντέρνα (1453-)
Modifying agency MC Athens Campus Library
Κανόνες περιγραφικής καταλογογράφησης AACR2
245 1# - ΤΙΤΛΟΣ ΚΑΙ ΔΗΛΩΣΗ ΥΠΕΥΘΥΝΟΤΗΤΑΣ
Τίτλος Chemistry / Principles and Applications
260 ## - PUBLICATION, DISTRIBUTION, ETC.
Name of publisher, distributor, etc. Mcgraw Hill Book Company,
Date of publication, distribution, etc. 1974
300 ## - PHYSICAL DESCRIPTION
Extent 694
520 ## - SUMMARY, ETC.
Summary, etc. Preface, Chemistry and Chemical Nomenclature, Stoichiometry, Periodicity in Chemical Behavior, Internal Structure of Atoms, Molecules and Molecular Structure, The Gaseous State, Liquids and Solids and Changes of State, Solutions, Solution Reactions, Chemical Thermodynamics, Electrochemistry, Chemical Kinetics, Chemical Equilibrium, Hydrogen and Oxygen and Water, Chemical Equilibrium in Aqueous Solutions, A Closer Look at Electron Descriptions, Chemistry of Some Typical Metals, Transition Elements: Some General Aspects, Transition Elements: Some Detailed Chemistry, Chemistry of Carbon, Chemistry of Some Nonmetals other Than Carbon, The Atomic Nucleus, Appendix, Index.
700 1# - ΠΡΟΣΘΕΤΗ ΑΝΑΓΡΑΦΗ--ΦΥΣΙΚΟ ΠΡΟΣΩΠΟ
Personal name Plane Robert A
9 (RLIN) 2257
700 1# - ΠΡΟΣΘΕΤΗ ΑΝΑΓΡΑΦΗ--ΦΥΣΙΚΟ ΠΡΟΣΩΠΟ
Personal name Sienko Michell J
9 (RLIN) 2258
942 ## - ADDED ENTRY ELEMENTS (KOHA)
Koha item type Books
Holdings
Τύπος τεκμηρίου Βιβλιοθήκη Τρέχουσα τοποθεσία Barcode Αριθμός εισαγωγής Ημερομηνία απόκτησης Ταξιθετικό σύμβολο Αριθμός αντιτύπου Κατάσταση απόσυρσης Κατάσταση χαμένου Κατάσταση κατεστραμμένου Μη δανεισμός Σύνολο δανεισμών Ημερομηνία τελευταίας εμφάνισης Η τιμή ισχύει από
Books MC Athens Campus Library MC Athens Campus Library 9780000017239 3279 05/06/2025 540 SIE 1           05/06/2025 05/06/2025

MC Athens Campus Library
Πατησίων 94 & Κοδριγκτώνος 13, 104 34
Πελλήνης 8 & Πατησίων 107, 112 51
Τ: +30 210 8899600

MC Thessaloniki Campus Library
Ίωνος Δραγούμη 21, 54625 | Ίωνος Δραγούμη 15, 54625
Τ: +30 2310 287779 – Τ: +30 2314 440300